| 000 -LEADER |
| fixed length control field |
01978cam a2200385 i 4500 |
| 001 - CONTROL NUMBER |
| control field |
19328610 |
| 005 - DATE AND TIME OF LATEST TRANSACTION |
| control field |
20241209150235.0 |
| 008 - FIXED-LENGTH DATA ELEMENTS--GENERAL INFORMATION |
| fixed length control field |
161005s2017 enka b 001 0 eng c |
| 010 ## - LIBRARY OF CONGRESS CONTROL NUMBER |
| LC control number |
2016036142 |
| 020 ## - INTERNATIONAL STANDARD BOOK NUMBER |
| International Standard Book Number |
9781118902035 (cloth) X |
| 020 ## - INTERNATIONAL STANDARD BOOK NUMBER |
| International Standard Book Number |
9781118902004 (epub) X |
| 040 ## - CATALOGING SOURCE |
| Original cataloging agency |
WaSeSS/DLC |
| Language of cataloging |
eng |
| Transcribing agency |
WaSeSS |
| Description conventions |
rda |
| Modifying agency |
DLC |
| 042 ## - AUTHENTICATION CODE |
| Authentication code |
pcc |
| 050 00 - LIBRARY OF CONGRESS CALL NUMBER |
| Classification number |
SD555 |
| Item number |
.K47 2017 |
| 080 ## - UNIVERSAL DECIMAL CLASSIFICATION NUMBER |
| Universal Decimal Classification number |
630.6 |
| 100 1# - MAIN ENTRY--PERSONAL NAME |
| Personal name |
Kershaw, John A., |
| Dates associated with a name |
1962- |
| Relator term |
author. |
| 9 (RLIN) |
23923 |
| 245 10 - TITLE STATEMENT |
| Title |
Forest mensuration / |
| Statement of responsibility, etc. |
John A Kershaw, Jr., Mark J Ducey, Thomas W Beers, Bertram Husch. |
| 250 ## - EDITION STATEMENT |
| Edition statement |
Fifth edition. |
| 264 #1 - PRODUCTION, PUBLICATION, DISTRIBUTION, MANUFACTURE, AND COPYRIGHT NOTICE |
| Place of production, publication, distribution, manufacture |
Chichester, UK ; |
| -- |
Hoboken, NJ : |
| Name of producer, publisher, distributor, manufacturer |
Wiley/Blackwell, |
| Date of production, publication, distribution, manufacture, or copyright notice |
2017. |
| 300 ## - PHYSICAL DESCRIPTION |
| Extent |
xv, 613 pages : |
| Other physical details |
illustrations (some color) ; |
| Dimensions |
25 cm |
| 336 ## - CONTENT TYPE |
| Content type term |
text |
| Source |
rdacontent |
| 337 ## - MEDIA TYPE |
| Media type term |
unmediated |
| Source |
rdamedia |
| 338 ## - CARRIER TYPE |
| Carrier type term |
volume |
| Source |
rdacarrier |
| 504 ## - BIBLIOGRAPHY, ETC. NOTE |
| Bibliography, etc. note |
Includes bibliographical references and index. |
| 505 0# - FORMATTED CONTENTS NOTE |
| Formatted contents note |
Principles of measurement -- Basic statistical concepts -- Land area determination in forest mensuration -- Individual tree parameters -- Determination of tree volume, weight, and biomass -- Measurement of primary forest products -- Stand parameters -- Sampling units for estimating parameters -- Sampling designs in forest inventories -- Inventory of standing trees using sampling with varying probability -- Inventory of downed dead material using sampling with varying probability -- Integrating remote sensing in forest inventory -- Measurement of tree and stand growth. |
| 650 #0 - SUBJECT ADDED ENTRY--TOPICAL TERM |
| Topical term or geographic name entry element |
Forests and forestry |
| General subdivision |
Measurement. |
| 9 (RLIN) |
23924 |
| 650 #0 - SUBJECT ADDED ENTRY--TOPICAL TERM |
| Topical term or geographic name entry element |
Forest surveys. |
| 9 (RLIN) |
23925 |
| 653 ## - INDEX TERM--UNCONTROLLED |
| keyword |
სატყეო მეურნეობა. მეტყევეობა |
| 700 1# - ADDED ENTRY--PERSONAL NAME |
| Personal name |
Ducey, Mark J., |
| Relator term |
author. |
| 9 (RLIN) |
23926 |
| 700 1# - ADDED ENTRY--PERSONAL NAME |
| Personal name |
Beers, Thomas W., |
| Relator term |
author. |
| 9 (RLIN) |
23927 |
| 700 1# - ADDED ENTRY--PERSONAL NAME |
| Personal name |
Husch, Bertram, |
| Dates associated with a name |
1923- |
| Relator term |
author. |
| 9 (RLIN) |
23928 |
| 906 ## - LOCAL DATA ELEMENT F, LDF (RLIN) |
| a |
7 |
| b |
cbc |
| c |
orignew |
| d |
1 |
| e |
ecip |
| f |
20 |
| g |
y-gencatlg |
| 942 ## - ADDED ENTRY ELEMENTS (KOHA) |
| Source of classification or shelving scheme |
|
| Koha item type |
წიგნი |